Angielskie kluby piłkarskie - Statystyki

Ogólne statystyki
  • Ten quiz został rozwiązany 267 razy
  • Średni wynik to 12 z 21
Statystyki odpowiedzi
Obrazkowy Odpowiedź % Poprawnych
Arsenal
100%
Tottenham
95%
Manchester United
94%
Chelsea
93%
Everton
87%
Celtic
80%
Crystal Palace
77%
Watford
75%
Rangers
74%
Southampton
66%
Brentford
63%
Brentford
63%
Sheffield United
48%
Cardiff City
36%
Ipswich Town
33%
Charlton Athletic
23%
Oxford United
21%
AFC Wimbledon
19%
Port Vale
15%
Scunthorpe United
7%
Brighton I Hove Albion
0%
Nie znaleziono quizów pasujących do podanych kryteriów
Rozkład punktacji
Procent ludzi z każdym wynikiem
Percentyl według liczby udzielonych odpowiedzi
Twoja historia wyników
Nie rozwiązałeś tego quizu